MARC

Tag First Indicator Second Indicator Subfields
LEADER 00000cam a2200000 a 4500
001 in00000012014
005 20151007051738.0
008 850805s1985 enkaf b 00010 eng
010 |a  85018458  
020 |a 0710206194 (pbk.) :  |c £5.95 
035 |a (OCoLC)12419617 
035 |9 AAA4560AM 
040 |a DLC  |c DLC  |d m/c  |d TXA  |d UtOrBLW 
043 |a cl-----  |a ew----- 
049 |a TXAM  |c [A11028000] 
050 0 0 |a HF1480.55.G3  |b D87 1985 
082 0 |a 337.408  |2 19 
100 1 |a Durán, Esperanza,  |d 1949- 
245 1 0 |a European interests in Latin America /  |c Esperanza Durán. 
264 1 |a [London] :  |b Royal Institute of International Affairs ;  |a London ;  |a Boston :  |b Routledge & K. Paul,  |c 1985. 
300 |a 110 pages, 1 unnumbered page of plates :  |b illustrations ;  |c 22 cm. 
336 |a text  |b txt  |2 rdacontent 
337 |a unmediated  |b n  |2 rdamedia 
338 |a volume  |b nc  |2 rdacarrier 
490 1 |a Chatham House papers ;  |v 28 
504 |a Bibliography: pages 104-110. 
651 0 |a Latin America  |x Foreign economic relations  |z Germany (West) 
651 0 |a Latin America  |x Foreign economic relations  |z France. 
651 0 |a Latin America  |x Foreign economic relations  |z Great Britain. 
651 0 |a Germany (West)  |x Foreign economic relations  |z Latin America. 
651 0 |a France  |x Foreign economic relations  |z Latin America. 
651 0 |a Great Britain  |x Foreign economic relations  |z Latin America. 
830 0 |a Chatham House papers ;  |v 28. 
999 |a MARS 
999 f f |s 88ac7cf9-02fc-3fb8-8c1c-96fb1838e02c  |i 7270149a-6588-3cbf-8b2d-bec85a51c670  |t 0 
952 f f |p ric  |a Texas A&M University  |b Rellis Campus  |c Joint Library Facility  |d Remote Storage  |t 0  |e HF1480.55.G3 D87 1985  |h Library of Congress classification  |i unmediated -- volume  |m A14811028000 
998 f f |a HF1480.55.G3 D87 1985  |t 0  |l Remote Storage